000 00806nam a2200229 a 4500
001 BRCA_2519
005 20190320203840.0
008 251108s1943----sp-a---###---#000-0#spa-u
050 4 _aNK4340.T3
_b.V33 1943
100 1 _aVaca González, Diódoro
_d1876-1928
_97238
245 1 0 _aHistoria de la cerámica de Talavera de la Reina y algunos datos sobre la de Puente del Arzobispo
_cpor Diódoro Vaca González y Juan Ruíz de Luna Rojas.
260 _aMadrid
_bEditorial Nacional
_c1943
300 _a328 p.
_bil.
_c26 cm.
500 _aA9
650 1 4 _aTalavera, Cerámica de.
_97239
650 1 4 _aCerámica
_zEspaña
_97240
650 1 4 _aCerámica
_xHistoria
_91463
650 1 4 _aPuente del Arzobispo
_zEspaña
_97241
700 1 _aRuíz de Luna Rojas, Juan
_ecoaut
_97242
902 _aGFM
942 _2lcc
_cB
999 _c2260
_d2260